Équations elliptiques du second ordre à coefficients discontinus /
Guardado en:
| Autor Principal: | |
|---|---|
| Formato: | Libro |
| Idioma: | French |
| Publicado: |
Montréal :
Presses de l'Université de Montréal,
1966.
|
| Series: | Séminaire de mathématiques supérieures ;
16 |
| Etiquetas: |
Agregar Etiqueta
Sin Etiquetas, Sea el primero en etiquetar este registro!
|
| LEADER | 00896nam a22002055 4500 | ||
|---|---|---|---|
| 001 | MAT.inmabb001916 | ||
| 008 | 841105s1966####quc######b####000#0#fre#d | ||
| 005 | 20130318154957.0 | ||
| 245 | 1 | 0 | |a Équations elliptiques du second ordre à coefficients discontinus / |c par Guido Stampacchia. |
| 260 | |a Montréal : |b Presses de l'Université de Montréal, |c 1966. | ||
| 300 | |a 326 p. ; |c 28 cm. | ||
| 440 | 0 | |a Séminaire de mathématiques supérieures ; |v 16 | |
| 500 | |a Cab. de portada: Université de Montréal. Département de mathématiques. | ||
| 500 | |a "Notes du cours donné ... à la 4e session du Séminaire de mathématiques supérieures de l'Université de Montréal, tenue l'été 1965." | ||
| 504 | |a Incluye referencias bibliográficas. | ||
| 510 | 4 | |a MR, |c 40 #4603 | |
| 100 | 1 | |a Stampacchia, Guido. | |
| 084 | |a 35Jxx |2 msc2000 | ||
| 010 | |a 68122118 | ||
| 859 | |h 35 |i St783 |p A-3196 |b BIB. MATEMATICA | ||
